[Event "AUT-ch Open 2020"]
[Site "Graz"]
[Date "2020.02.16"]
[Round "3.35"]
[White "Socko, Monika"]
[Black "Ohanyan, Emin"]
[Result "1-0"]
[WhiteElo "2419"]
[BlackElo "2209"]
[Annotator "TA"]
[PlyCount "127"]
[EventDate "2020.02.14"]
[EventType "swiss"]
[EventCountry "AUT"]
[SourceTitle "playchess.com"]
[Source "ChessBase"]
[SourceQuality "1"]

{[%evp 11,127,9,1,9,17,-14,5,12,45,12,21,15,50,41,49,19,152,80,135,149,184,129,103,22,27,22,175,145,212,198,239,229,295,260,323,321,306,295,456,253,243,250,263,264,541,368,504,496,625,581,555,333,889,371,465,475,466,431,472,452,491,481,486,488,491,483,487,484,482,480,477,477,461,455,427,360,700,385,472,468,443,371,1020,486,445,294,439,422,477,434,497,418,422,425,525,520,618,618,612,548,834,825,952,1018,4910,4768,29990,361,1887,456,1287,1259,29992,29981,29991,29992,29994,29995]} 1. d4 e6 2. c4 b6 3. a3 Bb7 4. Nc3 f5 5. d5 Nf6 6. g3 Bd6 7. Bg2 {A40: Unusual replies to 1 d4.} O-O 8. Nh3 a5 9. O-O {The position is equal.} Na6 10. Be3 Nc5 11. Qc2 Be5 12. Rad1 {[#]} Qc8 $146 ({Predecessor:} 12... Bxc3 13. Bxc5 bxc5 14. Qxc3 Qe8 15. Qe3 exd5 16. Qxc5 Qxe2 17. Nf4 Qe5 18. cxd5 Rae8 19. Qxa5 {1-0 (56) Vasilevich,T (2421)-Chasovnikova,E (2237) Minsk 2001}) 13. Nf4 g5 (13... Re8 $11) 14. Nh3 (14. Bxc5 $142 $1 bxc5 15. dxe6) 14... h6 (14... Bxc3 $142 15. Bxc5 bxc5) 15. f4 $16 Bxc3 16. Bxc5 ({White should try} 16. fxg5 $18 Be5 17. gxf6 Rxf6 18. Bf4) 16... bxc5 17. Qxc3 ({Better is} 17. bxc3 $16 g4 18. Nf2) 17... g4 18. Nf2 {Threatening e4.} Ra6 $2 (18... exd5 $11 {and Black stays safe.} 19. cxd5 d6) 19. Rfe1 Qd8 (19... exd5 $16 {keeps fighting.} 20. cxd5 d6) 20. e4 $18 fxe4 21. Bxe4 Qa8 22. Bg2 Rd6 23. Re5 exd5 24. cxd5 Bxd5 {[#]} (24... c4 $142 25. Qxc4 Qa6) 25. Bxd5+ (25. Rdxd5 $142 $1 {[%mdl 512]} Rxd5 26. Bxd5+ Nxd5 27. Qd3 Nxf4 28. gxf4) 25... Nxd5 26. Qc4 {[%cal Re5d5]} c6 27. Nxg4 Kg7 $2 (27... Qb8 28. Ne3 (28. Qxc5 Rg6 $16) 28... Qxb2 29. Nxd5 cxd5 30. Rdxd5 Rxd5 31. Rxd5 Kh8 32. Qxc5 Rb8) 28. Qxc5 Rg6 {Hoping for ...d6.} 29. Qd4 Kh7 30. f5 Rg5 31. Rf1 ({Not} 31. Rxd5 cxd5 32. Nf6+ Rxf6 $16) 31... h5 $2 (31... Qb8) 32. Nf2 (32. f6 $142 Rxe5 33. Nxe5 Nxf6 34. Qd3+ Kh8 35. Qg6) 32... Nf6 33. Ne4 Rg7 34. Nxf6+ Rxf6 35. Qh4 Qd8 36. Qxh5+ Rh6 37. Qe2 {f6! is the strong threat.} Qf6 38. Rf4 Qg5 {Threatens to win with ...Qxf4.} 39. Qf3 Qf6 40. Qe4 Rh5 41. Qe2 Rh6 42. Rfe4 Qg5 43. Qe3 Qf6 $2 (43... Qxe3+ 44. Rxe3 d5) 44. Qf2 a4 45. Kg2 Rh5 46. Qf4 Kh8 $2 (46... d6) 47. Re2 (47. Re8+ $142 Kh7 48. Qb8) 47... Kh7 48. Qe4 Rh4 (48... d6 {was necessary.}) 49. Qd3 Rh5 50. Qc2 Kh8 51. Kg1 Kh7 52. Qxa4 Rh4 53. Qc2 Rh5 54. a4 {[%cal Ba3a4,Ba4a5,Ba5a6][%mdl 32]} Rf7 55. Qd3 c5 56. a5 Rg5 57. a6 Rg4 58. Qf3 Ra4 59. Re8 $2 (59. Qh5+ {mates} Kg8 60. Re8+ Rf8 61. R2e7 Qd4+ 62. Kg2 Qxb2+ 63. Kh3 Rh4+ 64. Qxh4) 59... Ra1+ $2 (59... Qxf5 60. Qxf5+ Rxf5) 60. Kg2 (60. Re1 $142 {Threatening mate with Qh5+.} Rxe1+ 61. Rxe1 Qxf5 62. Qxf5+ Rxf5 63. Re8) 60... Qg5 {[#]} (60... Qxf5 $142 61. Qxf5+ Rxf5) 61. f6 $1 Qg6 (61... Rxf6 62. Qd3+) 62. R8e7 {White mates.} Kh8 63. Qa8+ Qg8 {[#]} 64. Re8 $1 {Accuracy: White = 57%, Black = 26%.} 1-0

[Event "AUT-ch Open 2020"]
[Site "Graz"]
[Date "2020.02.16"]
[Round "3.36"]
[White "Kosakowski, Jakub"]
[Black "Tonndorf, Matthias"]
[Result "1-0"]
[WhiteElo "2413"]
[BlackElo "2193"]
[Annotator "ChessBase"]
[PlyCount "109"]
[EventDate "2020.02.14"]
[EventType "swiss"]
[EventCountry "AUT"]
[SourceTitle "playchess.com"]
[Source "ChessBase"]
[SourceQuality "1"]
[TimeControl "40/5400+30:1800+30"]

1. e4 {[%emt 0:00:00]} c5 {[%emt 0:02:03]} 2. Nf3 {[%emt 0:00:00]} e6 {[%emt 0:00:28]} 3. d4 {[%emt 0:00:00]} cxd4 {[%emt 0:00:10]} 4. Nxd4 {[%emt 0:00:06]} a6 {[%emt 0:00:07]} 5. Bd3 {[%emt 0:00:05]} g6 {[%emt 0:04:16]} 6. O-O {[%emt 0:00:31]} Bg7 {[%emt 0:00:42]} 7. Nb3 {[%emt 0:00:11]} Ne7 {[%emt 0:01:00]} 8. c4 {[%emt 0:00:09]} Nbc6 {[%emt 0:07:05]} 9. Nc3 {[%emt 0:00:30]} O-O {[%emt 0:02:58]} 10. Be2 {[%emt 0:00:22]} f5 {[%emt 0:17:25]} 11. c5 {[%emt 0:02:41]} Bxc3 {[%emt 0:18:11]} 12. bxc3 {[%emt 0:00:37]} fxe4 {[%emt 0:00:07]} 13. Qc2 {[%emt 0:04:44]} Nd5 {[%emt 0:03:12]} 14. c4 {[%emt 0:00:50]} Nf4 {[%emt 0:05:40]} 15. Qxe4 {[%emt 0:02:40]} Qf6 {[%emt 0:06:19]} 16. g3 {[%emt 0:07:59]} Nxe2+ {[%emt 0:04:37]} 17. Qxe2 {[%emt 0:00:13]} a5 {[%emt 0:02:27]} 18. Bb2 {[%emt 0:01:02]} Qf3 {[%emt 0:00:38]} 19. Qd2 {[%emt 0:00:22]} e5 {[%emt 0:01:42]} 20. Rae1 {[%emt 0:05:36]} a4 {[%emt 0:02:12]} 21. Nc1 {[%emt 0:00:17]} Re8 {[%emt 0:03:53]} 22. Re3 {[%emt 0:07:18]} Qf7 {[%emt 0:00:31]} 23. Nd3 {[%emt 0:00:25]} Qxc4 {[%emt 0:03:06]} 24. Nxe5 {[%emt 0:00:10]} Nxe5 {[%emt 0:00:41]} 25. Bxe5 {[%emt 0:00:50]} d5 {[%emt 0:05:00]} 26. Bd4 {[%emt 0:03:33]} Bf5 {[%emt 0:03:32]} 27. Rfe1 {[%emt 0:00:45]} Re4 {[%emt 0:00:57]} 28. Rxe4 {[%emt 0:00:37]} Bxe4 {[%emt 0:00:16]} 29. f3 {[%emt 0:04:27]} Qd3 {[%emt 0:04:09]} 30. Qxd3 {[%emt 0:00:11]} Bxd3 {[%emt 0:00:03]} 31. Re7 {[%emt 0:00:03]} h5 {[%emt 0:00:34]} 32. a3 {[%emt 0:00:51]} Kf8 {[%emt 0:00:45]} 33. Rxb7 {[%emt 0:00:11]} Re8 {[%emt 0:00:17]} 34. Bc3 {[%emt 0:02:38]} Re3 {[%emt 0:00:47]} 35. c6 {[%emt 0:01:13]} Bf5 {[%emt 0:01:00]} 36. Bb4+ {[%emt 0:00:23]} Kg8 {[%emt 0:00:30]} 37. Rb8+ {[%emt 0:04:56]} Kf7 {[%emt 0:00:12]} 38. c7 {[%emt 0:00:30]} Re8 {[%emt 0:00:10]} 39. Rd8 {[%emt 0:00:07]} Be6 {[%emt 0:01:03]} 40. h4 {[%emt 0:00:12]} Rg8 {[%emt 0:00:35]} 41. Kf2 {[%emt 0:30:05]} Re8 {[%emt 0:00:17]} 42. Bc5 {[%emt 0:00:00]} Bc8 {[%emt 0:02:05]} 43. Rxd5 {[%emt 0:00:00]} Ba6 {[%emt 0:00:42]} 44. Rd7+ {[%emt 0:00:00]} Kg8 {[%emt 0:00:44]} 45. Rd8 {[%emt 0:00:00]} Kf7 {[%emt 0:00:10]} 46. g4 {[%emt 0:00:00]} Bc8 {[%emt 0:01:25]} 47. Kg3 {[%emt 0:00:00]} Rg8 {[%emt 0:02:05]} 48. Kf4 {[%emt 0:00:00]} hxg4 {[%emt 0:01:40]} 49. Rxg8 {[%emt 0:00:00]} Kxg8 {[%emt 0:00:07]} 50. fxg4 {[%emt 0:00:00]} Kf7 {[%emt 0:01:05]} 51. Kg5 {[%emt 0:00:00]} Kg7 {[%emt 0:04:24]} 52. Bd4+ {[%emt 0:00:00]} Kh7 {[%emt 0:00:16]} 53. h5 {[%emt 0:00:00]} gxh5 {[%emt 0:00:21]} 54. gxh5 {[%emt 0:00:00]} Bd7 {[%emt 0:01:10]} 55. h6 {[%emt 0:00:00]} 1-0

[Event "AUT-ch Open 2020"]
[Site "Graz"]
[Date "2020.02.17"]
[Round "4.1"]
[White "Froewis, Georg"]
[Black "Shevchenko, Kirill"]
[Result "1/2-1/2"]
[WhiteElo "2461"]
[BlackElo "2580"]
[Annotator "TA"]
[PlyCount "74"]
[EventDate "2020.02.14"]
[EventType "swiss"]
[EventCountry "AUT"]
[SourceTitle "playchess.com"]
[Source "ChessBase"]
[SourceQuality "1"]

{[%evp 9,74,25,28,12,13,20,10,-1,4,11,7,5,11,0,33,40,36,-11,-15,-31,-34,-32,-45,-137,-135,-136,0,0,0,0,0,0,0,0,0,0,0,-357,-351,-345,-345,-350,-320,-314,0,-372,0,0,0,0,0,0,0,0,0,0,0,0,0,0,0,0,37,28,104,83,91]} 1. e4 c5 2. Nf3 d6 3. d4 cxd4 4. Nxd4 Nf6 5. Nc3 a6 6. h4 {B90: Sicilian Najdorf: Unusual White 6th moves, 6 Be3 Ng4 and 6 Be3 e5.} e5 7. Nb3 Be6 8. f4 {The position is equal.} g6 9. Be2 Nc6 10. g4 h6 11. g5 hxg5 12. fxg5 Nh5 $1 {[%cal Rh5g3] [#]} 13. Bg4 $146 ({Predecessor:} 13. Be3 Rc8 14. Bg4 Na5 15. Bxe6 fxe6 16. Qg4 Ke7 17. Rh3 Nc4 18. O-O-O Qc7 19. Rf1 Bg7 20. Rhf3 Rcf8 21. Rxf8 Bxf8 22. Qf3 Nxe3 23. Qxe3 Nf4 {0-1 (23) Petersons,I (2323)-Krzyzanowski,A (2356) ICCF email 2017}) 13... a5 14. Bxe6 fxe6 15. Qg4 Qc8 16. Na4 (16. a4 $15) 16... Ra6 $1 $17 {Strongly threatening ...b5.} 17. Be3 Nb4 ({Black should try} 17... Nd8 $1 $17 18. Rb1 Qxc2) 18. O-O $11 Be7 $1 19. a3 Nxc2 20. Rac1 {And now Na1 would win.} Qc4 21. Rxc2 $1 Qxc2 22. Qxe6 Ng3 23. Rf2 $2 {[%mdl 8192]} (23. Nc3 $1 $11 Ne2+ 24. Nxe2 Qxe2 25. Qc8+ Bd8 26. Qe6+ Be7 27. Qc8+ Bd8 28. Qe6+ Be7) 23... Qd1+ $1 $19 (23... Qxe4 24. Qc8+ Bd8 25. Qe6+ Be7 26. Qc8+ Bd8 27. Qe6+ Be7 $11) (23... Ne2+ 24. Kf1 $11) 24. Kg2 Qh1+ (24... Nxe4 $2 25. Rf7 $18) 25. Kxg3 Qxh4+ 26. Kg2 {[#]} Qh1+ $1 ({And not} 26... Qxe4+ 27. Rf3 $11) 27. Kg3 {[#]} Qh4+ $2 (27... Rc6 $1 $19 {aiming for ...d5.} 28. Qxg6+ Kd8) 28. Kg2 $1 $11 Qxe4+ (28... Rc6 $5 29. Kf1 $8 Qxe4 $11 {[%mdl 64] Double Attack}) 29. Rf3 {[#]} Rh2+ $1 {[%mdl 512]} 30. Kxh2 Qxf3 31. Nb6 $40 {[%mdl 128] Black must now prevent Nd5. White mounts an attack.} Qe2+ {[%mdl 64] Double Attack} 32. Kh1 Qd1+ 33. Kh2 Qe2+ {[%mdl 64] Double Attack} 34. Kh1 Qf3+ 35. Kh2 {Nd5 is the strong threat.} Qf5 36. Qg8+ {[%mdl 1024] White has compensation.} Bf8 (36... Qf8 $1 $11 37. Qd5 (37. Qxg6+ Qf7 $11) (37. Qe6 Qf5 $14) 37... Qf7) 37. Qc4 Be7 {White happily takes the draw. Accuracy: White = 87%, Black = 86%.} 1/2-1/2

[Event "AUT-ch Open 2020"]
[Site "Graz"]
[Date "2020.02.17"]
[Round "4.1"]
[White "Bakalarz, Mietek"]
[Black "Yankelevich, Lev"]
[Result "0-1"]
[WhiteElo "2245"]
[BlackElo "2473"]
[Annotator "TA"]
[PlyCount "88"]
[EventDate "2020.02.14"]
[EventType "swiss"]
[EventCountry "AUT"]
[SourceTitle "playchess.com"]
[Source "ChessBase"]
[SourceQuality "1"]

{[%evp 12,88,18,-2,13,-15,-15,-11,-12,-47,-33,-48,-42,-54,-60,-87,-47,-48,-55,-59,-66,-59,-48,-50,-53,-52,-48,-59,-49,-50,-47,-62,38,-59,-58,-52,-42,-100,-107,-104,-67,-79,-83,-65,-41,-44,-32,-77,-57,-261,-259,-248,-241,-417,-420,-387,-414,-449,-390,-490,-502,-533,-518,-643,-625,-668,-671,-671,-658,-732,-725,-896,-885,-806,-712,-687,-654,-1165,-1117]} 1. d4 Nf6 2. Nf3 g6 3. Bf4 Bg7 4. e3 O-O 5. h3 d6 6. Be2 Nc6 7. O-O e5 {A48: 1 d4 Nf6 2 Nf3 g6: Torre, London and Colle Systems.} 8. dxe5 Ne4 {[%cal Rd6e5]} 9. c3 $1 dxe5 {The position is equal.} 10. Qxd8 (10. Bh2 {looks sharper.} Qe7 11. Qc2 Nd6 12. Nbd2 f6 13. Bg3) 10... Rxd8 11. Bh2 {[#]} Be6 $146 ({Predecessor:} 11... Bf5 12. Na3 Nc5 13. Bb5 f6 14. Rfd1 Bf8 15. Bxc6 bxc6 16. Nc4 Na4 17. Rd2 Be6 {½-½ (47) Bashilin,R (2302)-Tripolsky,E (2318) Germany 2016}) 12. Na3 f6 13. Bc4 Kf7 14. Rfd1 Bf8 15. Bxe6+ Kxe6 16. Nc4 Nc5 17. Kf1 Na4 18. Rxd8 Rxd8 19. Rb1 $1 b5 20. Ncd2 Na5 21. Ne4 {Black should prevent Nxf6!} h6 (21... Be7 $15) 22. b3 (22. Nxf6 $1 $14 Nc4 23. Ne4) 22... Nb6 $1 $15 23. Ke2 c5 24. Rd1 (24. g4 $15) 24... Nd5 $17 {aiming for ...f5.} 25. Rc1 f5 26. c4 bxc4 27. bxc4 Nb4 (27... Nb6 $5 {[%cal Rf5e4]} 28. Ned2 Bd6 $17) 28. Nc3 e4 $36 {[%mdl 2048] Black is more active.} 29. Nd2 Bg7 30. Bc7 $2 {[#]} ({Better is} 30. Nd5 $15 Nxd5 31. cxd5+ {[%mdl 64] Discovered Attack} Rxd5 32. f3) 30... Rxd2+ $1 $19 {[%mdl 576] Remove Defender} 31. Kxd2 Nxc4+ 32. Ke2 $2 (32. Kd1 Nb2+ 33. Kd2 Nc4+ 34. Kd1) 32... Nd3 33. Rb1 Bxc3 34. Rb7 a5 {[%cal Ba7a5,Ba5a4][%mdl 32]} 35. Bd8 Nc1+ {Black is clearly winning.} 36. Kd1 Nxa2 37. Kc2 a4 38. Ra7 Na3+ 39. Kd1 Be5 40. Ra6+ Kd5 41. f4 exf3 42. gxf3 Nc3+ 43. Kc1 Nc4 44. Bf6 Na2+ {Accuracy: White = 44%, Black = 87%.} 0-1

[Event "AUT-ch Open 2020"]
[Site "Graz"]
[Date "2020.02.17"]
[Round "4.2"]
[White "Meshkovs, Nikita"]
[Black "Livaic, Leon"]
[Result "1/2-1/2"]
[WhiteElo "2566"]
[BlackElo "2492"]
[Annotator "TA"]
[PlyCount "71"]
[EventDate "2020.02.14"]
[EventType "swiss"]
[EventCountry "AUT"]
[SourceTitle "playchess.com"]
[Source "ChessBase"]
[SourceQuality "1"]

{[%evp 14,71,0,-14,-7,-18,-16,-10,-24,0,19,17,11,12,16,15,17,-15,7,0,0,0,10,0,0,0,0,0,0,-6,0,-28,-27,-17,0,0,0,0,0,-7,-8,-8,0,0,0,-14,0,0,0,0,0,-25,-16,-9,0,0,0,-1,0,0]} 1. d4 Nf6 2. Nf3 d5 3. g3 e6 4. Bg2 Be7 5. O-O O-O 6. c4 Nbd7 7. Nc3 dxc4 {is the new trend.} 8. e4 b5 {E07: Closed Catalan: Main Line (5 Nf3 0-0 6 0-0 Nbd7).} 9. e5 Nd5 10. Nxb5 Bb7 11. Nd2 a6 12. Nc3 Nxc3 13. bxc3 Bxg2 14. Kxg2 Nb6 {[#]} 15. a4 $146 ({Predecessor:} 15. Ne4 Qd5 16. Qf3 Nd7 17. Bf4 Rab8 18. Rfe1 Rb2 19. h4 Rfb8 20. Bg5 Bf8 21. Re3 {1-0 (38) Gupta,A (2630)-Sadzikowski,D (2551) Warsaw 2016}) 15... a5 16. Qf3 Rb8 17. Rd1 Qd5 18. Ba3 Bxa3 19. Rxa3 Nd7 20. Ra2 Rfd8 21. Re1 c5 22. Re4 h6 23. Rf4 cxd4 (23... g5 {looks sharper.} 24. Re4 cxd4 25. Rxd4 Qxf3+ 26. Nxf3 Nb6) 24. Rxd4 {[%mdl 64] [#] Double Attack} Qxf3+ 25. Nxf3 Nb6 26. Rxd8+ Rxd8 $11 {[%mdl 4096] Endgame KRN-KRN} 27. Nd4 $1 Kf8 28. Nc6 Ra8 29. Kf3 Nd5 30. Ra3 Ke8 31. Nd4 Kd7 32. Nb5 Kc6 33. Nd6 {The position is equal.} Kc5 34. Ne4+ Kc6 35. Nd6 Kc5 36. Ne4+ {Accuracy: White = 91%, Black = 100%.} 1/2-1/2

[Event "AUT-ch Open 2020"]
[Site "Graz"]
[Date "2020.02.17"]
[Round "4.2"]
[White "Nikolic, Vladan"]
[Black "Horvath, Dominik"]
[Result "0-1"]
[WhiteElo "2203"]
[BlackElo "2450"]
[Annotator "TA"]
[PlyCount "80"]
[EventDate "2020.02.14"]
[EventType "swiss"]
[EventCountry "AUT"]
[SourceTitle "playchess.com"]
[Source "ChessBase"]
[SourceQuality "1"]

{[%evp 15,80,20,16,-4,-10,-35,-30,-16,-22,-75,-54,-83,-12,-18,-47,-59,-68,-68,-65,-72,-65,-75,-62,-102,-95,-95,-104,-107,-92,-89,-64,-66,-68,-61,-50,-52,-47,-64,-32,-86,-86,-82,-70,-125,-124,-128,-125,-125,-125,-228,-87,-556,-158,-126,-148,-1002,-979,-1073,-1058,-980,-957,-29991,-29992,-29992,-29984,-29993,-29994]} 1. Nf3 Nf6 2. g3 b6 3. Bg2 Bb7 4. c4 c5 5. O-O e6 6. Nc3 Be7 7. Re1 d5 $1 {[%mdl 4] 7...d5 is the recent fashion Played by Yu in December 2019.} 8. cxd5 Nxd5 9. Qa4+ {A30: Symmetrical English: Double Fianchetto and Hedgehog.} Qd7 10. Qg4 {[#] aiming for Nxd5.} h5 11. Qc4 {Black has an edge.} Nc6 12. a3 {[#]} (12. d4 $11 {keeps the balance.}) 12... Na5 $146 ({Predecessor:} 12... O-O 13. d3 Rac8 14. Nxd5 exd5 15. Qa4 Bf6 16. e4 Rfe8 17. Rb1 dxe4 18. dxe4 Ne5 19. Qxd7 Nxd7 {½-½ (40) Burke,J (2562)-Paragua,M (2503) Rockville 2019}) 13. Qa2 c4 (13... h4 $17) 14. d4 $11 cxd3 {Hoping for ...Nxc3.} 15. Ne5 Nxc3 $1 16. bxc3 d2 17. Bxd2 Qc7 18. Bxb7 Nxb7 19. Nd3 h4 20. Qb3 hxg3 21. Qa4+ Kf8 22. hxg3 Nc5 23. Nxc5 Qxc5 24. Qe4 Rd8 $40 {[%mdl 128] Black has some attack.} 25. Be3 Qxc3 26. Kg2 Qb3 27. a4 ({Better is} 27. Rab1 $15 Qd5 28. Qxd5 Rxd5 29. Rec1) 27... Rh5 $17 28. Rh1 f5 29. Qb1 (29. Rhb1 $1 $15) 29... Qd5+ 30. f3 Rxh1 31. Qxh1 Qe5 32. Bf2 (32. Kf2 $17 {was necessary.}) 32... Rd2 (32... Qxe2 $19 {...Rd2 is the strong threat.} 33. Qe1 Qxe1 34. Bxe1 Bc5) 33. Rc1 $2 {[%mdl 8192] [#]} (33. Qh8+ $17 Kf7 34. Qh5+ Kg8 35. Qe8+ Bf8 36. Re1) 33... Kg8 $2 (33... Qxe2 $19 {has better winning chances.} 34. Qf1 Bc5 35. Qxe2 Rxe2) 34. Rc8+ Bf8 35. Rxf8+ $2 {[%mdl 8192]} (35. Qe1 $17 Rxe2 36. Qb4) 35... Kxf8 {KQR-KQB} 36. Qh8+ Ke7 37. Qh4+ Kd7 38. Qh5 Qxe2 {Black mates.} 39. Qf7+ Kc8 40. Qe8+ Kb7 {Accuracy: White = 49%, Black = 70%.} 0-1

[Event "AUT-ch Open 2020"]
[Site "Graz"]
[Date "2020.02.17"]
[Round "4.3"]
[White "Kilgus, Georg"]
[Black "Vorobiov, Evgeny E."]
[Result "0-1"]
[WhiteElo "2450"]
[BlackElo "2520"]
[Annotator "TA"]
[PlyCount "60"]
[EventDate "2020.02.14"]
[EventType "swiss"]
[EventCountry "AUT"]
[SourceTitle "playchess.com"]
[Source "ChessBase"]
[SourceQuality "1"]

{[%evp 11,60,28,26,18,21,13,13,8,13,15,10,0,34,1,41,39,37,39,74,72,47,0,6,0,0,12,36,-20,-6,-95,-99,-118,-118,-106,-76,-98,-64,-108,-86,-137,-131,-147,-130,-123,-135,-179,-168,-205,-207,-204,-194]} 1. d4 d5 2. c4 dxc4 3. Nf3 e6 4. e3 Nf6 5. Bxc4 c5 6. O-O Nc6 7. Nc3 {D26: Queen's Gambit Accepted: 4 e3 e6 5 Bxc5 c5 sidelines.} a6 8. d5 Na5 9. b3 {The position is equal.} b5 10. Bd3 $1 Nxd5 11. Nxd5 exd5 12. Bb2 {[#]} Be6 $5 $146 {[%mdl 8] An interesting novelty.} ({Predecessor:} 12... Nc6 13. a4 b4 14. Qc2 Bg4 15. Rad1 Bxf3 16. gxf3 Bd6 17. f4 Ne7 18. Kh1 f6 {1-0 (44) Sarana,A (2664)-Xu,X (2583) Moscow 2019}) 13. Qe2 {[%mdl 1024] White has compensation.} Rc8 14. Rfd1 Qb6 {next ...c4 is good for Black.} 15. Rac1 f6 16. Qc2 (16. e4 $5 {[%cal Re4d5]} d4 17. e5 $14) 16... Nc6 17. Bxh7 Ne7 $1 18. Bd3 Kf7 19. g3 (19. e4 $14) 19... c4 20. Be2 {[#]} (20. bxc4 $11 {keeps the balance.} dxc4 21. Bf1) 20... c3 $1 $17 {[%cal Rc3b2]} 21. Ba1 b4 22. Nd4 Rc5 23. Qd3 a5 {[%cal Ba6a5,Ba5b4][%mdl 32]} 24. Rc2 Bc8 25. a3 (25. Bxc3 $142 bxc3 26. Rxc3) 25... Nc6 {[#] Strongly threatening ...Ne5.} 26. Nxc6 Qxc6 27. Bf3 {[%cal Rf3d5]} Be6 28. axb4 {Black is clearly better.} axb4 29. Ra2 Be7 30. Ra6 Qb5 {Accuracy: White = 62%, Black = 85%.} 0-1

[Event "AUT-ch Open 2020"]
[Site "Graz"]
[Date "2020.02.17"]
[Round "4.3"]
[White "Androutsopoulos-Agiotatos, Vasil"]
[Black "Blohberger, Felix"]
[Result "0-1"]
[WhiteElo "2187"]
[BlackElo "2448"]
[Annotator "TA"]
[PlyCount "66"]
[EventDate "2020.02.14"]
[EventType "swiss"]
[EventCountry "AUT"]
[SourceTitle "playchess.com"]
[Source "ChessBase"]
[SourceQuality "1"]

{[%evp 12,66,33,16,22,0,0,0,0,-11,16,-24,-15,-27,-27,-18,-22,-21,-25,-29,-25,-21,-28,-42,-23,-36,-21,-33,-24,-18,-25,-44,-26,-43,-43,-67,-55,-64,-51,-166,-173,-175,-183,-153,-154,-292,-281,-272,-264,-510,-475,-475,-478,-1225,-1220,-1184,-1173]} 1. e4 c5 2. Nf3 d6 3. d4 cxd4 4. Nxd4 Nf6 5. Nc3 a6 6. Be2 e6 7. f4 Be7 {B84: Sicilian Scheveningen: 6 Be2 a6, lines without early Be3.} 8. g4 d5 9. e5 Nfd7 {The position is equal.} 10. Be3 Nc6 11. Qd2 Bh4+ {[#]} 12. Kf1 $146 ({Predecessor:} 12. Kd1 Be7 13. g5 Nxd4 14. Bxd4 h6 15. g6 fxg6 16. Rg1 Nf8 17. Bd3 g5 18. Qe2 {1-0 (29) Diaz Flores Sanchez,P (1821)-Meneses Gonzalez,K (1916) Padron 2008}) 12... g5 13. Nf3 {[%cal Rf4g5]} gxf4 14. Bxf4 {[#] And now g5 would win.} Be7 15. g5 b5 {[%cal Bb7b5,Bb5b4][%mdl 32]} 16. Bd3 Bb7 17. Rg1 b4 18. Ne2 {[%cal Bc3e2,Be2g3,Bg3h5,Bh5f6][%mdl 32]} Nc5 19. Ng3 Qb6 $36 {[%mdl 2048] White is under pressure.} 20. Nh5 Ne4 21. Qe2 O-O-O 22. Rg2 a5 23. Rd1 Bc5 24. Nf6 Ne7 25. Nd2 (25. Re1 $15) 25... Ng6 $19 26. Bg3 Nxg3+ ({Worse is} 26... Nxg5 27. h4 $11) 27. hxg3 h6 28. Nb3 (28. Rh2 $17 hxg5 29. Rxh8 Rxh8 30. Nf3) 28... Be3 29. Ng4 Bxg5 30. Rf2 $2 {[#]} (30. c3 {might work better.}) 30... h5 {Black is clearly winning.} 31. Nf6 h4 32. Qg4 (32. g4 $142 Nf4 33. Rxf4 Bxf4 34. Nh5) 32... hxg3 33. Qxg3 Bh4 {[%mdl 64] Skewer. Accuracy: White = 65%, Black = 96%.} 0-1

[Event "AUT-ch Open 2020"]
[Site "Graz"]
[Date "2020.02.17"]
[Round "4.4"]
[White "Burmakin, Vladimir"]
[Black "Tomazini, Zan"]
[Result "1-0"]
[WhiteElo "2514"]
[BlackElo "2514"]
[Annotator "TA"]
[PlyCount "71"]
[EventDate "2020.02.14"]
[EventType "swiss"]
[EventCountry "AUT"]
[SourceTitle "playchess.com"]
[Source "ChessBase"]
[SourceQuality "1"]

{[%evp 16,71,0,-8,35,8,35,43,42,30,41,35,33,41,60,59,47,47,75,46,42,50,60,51,114,101,139,128,129,116,141,104,141,112,160,150,197,122,143,145,493,480,704,692,1328,1290,1511,1543,1495,443,1428,1355,937,919,5712,5297,29984,29984]} 1. d4 Nf6 2. Nf3 g6 3. Bf4 Bg7 4. e3 d6 5. Be2 O-O 6. O-O b6 7. h3 Bb7 8. c4 Nbd7 9. Nc3 Qe8 {E61: King's Indian: Early deviations for White, including Smyslov System.} 10. Bh2 a6 11. Qc2 e5 {White is slightly better.} 12. dxe5 Nxe5 13. Nxe5 dxe5 14. Rfd1 {[#]} Qc6 $146 {[%csl Gb7][%cal Rc6g2] [#]} ({Predecessor:} 14... Qe7 15. Rd2 Rad8 16. Rad1 Rxd2 17. Rxd2 Nd7 18. Nd5 Bxd5 19. cxd5 Nb8 20. Qc3 a5 {1-0 (65) Ellemund,G (1675)-Igumnov,I (1492) Pardubice 2017}) 15. Bf3 e4 16. Be2 Rad8 17. Rd2 Rxd2 18. Qxd2 Re8 19. Rd1 Bc8 (19... Qc5 $14) 20. b4 $16 {[%cal Bb2b4,Bb4b5][%mdl 32]} Qb7 21. b5 c6 22. Qd6 Bd7 23. a4 axb5 24. cxb5 cxb5 25. Nxb5 Ra8 26. Qd4 (26. Nc7 $18 Rf8 27. Ba6) 26... Bxb5 27. Bxb5 Ng4 $2 {[%mdl 8192]} (27... Rc8 $16 {is more resistant.} 28. Bf4 Ne8) 28. Qd6 $18 Nxh2 (28... Bf8 $142) 29. Bc6 {[%mdl 64] [#] Skewer} ({Not} 29. Kxh2 Bf8 $14) ({Weaker is} 29. Qxh2 Rc8 $14) 29... Qb8 {...Qxd6 is the strong threat.} 30. Bxa8 Qxa8 31. Qd8+ Qxd8 32. Rxd8+ Bf8 33. Rb8 Kg7 34. Rxb6 Nf3+ 35. gxf3 exf3 36. a5 {Accuracy: White = 73%, Black = 40%.} 1-0